Đi tìm sự thật biết cười

Gardado en:
Detalles Bibliográficos
Autor Principal: Eco, Umberto
Formato: Libro
Idioma:Undetermined
Publicado: Hà Nội Hội Nhà Văn 2004
Những chủ đề:
Các nhãn: Engadir etiqueta
Sen Etiquetas, Sexa o primeiro en etiquetar este rexistro!
Thư viện lưu trữ: Trung tâm Học liệu Trường Đại học Cần Thơ
LEADER 00511nam a2200193Ia 4500
001 CTU_97654
008 210402s9999 xx 000 0 und d
020 |c 35000 
082 |a 850 
082 |b E19 
100 |a Eco, Umberto 
245 0 |a Đi tìm sự thật biết cười 
245 0 |c Umberto Eco 
260 |a Hà Nội 
260 |b Hội Nhà Văn 
260 |c 2004 
650 |a Italia literature 
904 |i Tuyến 
980 |a Trung tâm Học liệu Trường Đại học Cần Thơ